A Practical Guide to Welding Solutions (Record no. 617380)

000 -LEADER
fixed length control field 00403nam a22001337a 4500
020 ## - INTERNATIONAL STANDARD BOOK NUMBER
International Standard Book Number 978-3-527-34543-4
040 ## - CATALOGING SOURCE
Transcribing agency Wiley - VCH
082 ## - DEWEY DECIMAL CLASSIFICATION NUMBER
Classification number 671.5
Author Mark M5781 A
100 ## - MAIN ENTRY--PERSONAL NAME
Personal name Messler, Robert W.
9 (RLIN) 25650
245 ## - TITLE STATEMENT
Title A Practical Guide to Welding Solutions
Remainder of title Overcoming Technical and Material - Specific issues
260 ## - PUBLICATION, DISTRIBUTION, ETC.
Place of publication, distribution, etc. New York
Name of publisher, distributor, etc. Wiley - VCH
Date of publication, distribution, etc. 2019
300 ## - PHYSICAL DESCRIPTION
Extent xii, 332p.
Dimensions 27cm.
942 ## - ADDED ENTRY ELEMENTS (KOHA)
Source of classification or shelving scheme
Koha item type Reference
Holdings
Withdrawn status Lost status Source of classification or shelving scheme Damaged status Not for loan Permanent Location Current Location Date acquired Total Checkouts Full call number Barcode Date last seen Price effective from Koha item type
          School of Chemical & Materials Engineering (SCME) School of Chemical & Materials Engineering (SCME) 05/11/2026   671.5 M5781 A SCME-4891 05/11/2026 05/11/2026 Reference
© 2023 Central Library, National University of Sciences and Technology. All Rights Reserved.